000 00669nam a2200241Ia 4500
003 OSt
005 20220918214425.0
006 a|||||r|||| 00| 0
007 ta
008 220917b |||||||| |||| 00| 0 eng d
024 _a137,438
037 _cTextual
040 _aARTS
_cARTS
_beng
041 _2eng
_aeng
082 _aY:351.6, K2
100 _aCourlander Harold
_9131294
245 0 _aKing's drum and other African stories illus by Enrico Arno
260 _aNew York
_bHarcorut Brace & World
_c1962
300 _a125p. illus
_ccm.
650 _aSOCIOLOGY
942 _hY:351.6, K2
_cTEXL
_2CC
999 _c260519
_d260519